Gewerkschaftsausschüsse in der EG <Die> Entwicklung der transnationalen Organisation und Strategie der europäischen Fachgewerkschaften und ihre Möglichkeiten zur gewerkschaftlichen Interessenvertretung im Rahmen der Europäischen Gemeinschaft
Enregistré dans:
| Auteur principal: | |
|---|---|
| Format: | Livre |
| Langue: | allemand |
| Publié: |
Kehl am Rhein
Engel
1986
|
| Édition: | 1. Aufl. |
| Sujets: | |
| Tags: |
Pas de tags, Soyez le premier à ajouter un tag!
|
MARC
| LEADER | 00000nam a2200000 4500 | ||
|---|---|---|---|
| 001 | c000740 | ||
| 005 | 20221220073453.9 | ||
| 020 | |a 3-88357-050-8 | ||
| 041 | 0 | |a ger | |
| 044 | |a DE | ||
| 245 | 1 | 0 | |a Gewerkschaftsausschüsse in der EG |b <Die> Entwicklung der transnationalen Organisation und Strategie der europäischen Fachgewerkschaften und ihre Möglichkeiten zur gewerkschaftlichen Interessenvertretung im Rahmen der Europäischen Gemeinschaft |c Ingrid Stöckl |
| 250 | |a 1. Aufl. | ||
| 264 | 1 | |a Kehl am Rhein |b Engel |c 1986 | |
| 300 | |a 253 s. | ||
| 610 | 2 | 0 | |a Európske spoločenstvá |
| 610 | 2 | 0 | |a odbory |
| 610 | 2 | 0 | |a zamestnanci |
| 610 | 2 | 0 | |a Európska rada |
| 610 | 2 | 0 | |a Európsky parlament |
| 610 | 2 | 0 | |a organizácie medzinárodné |
| 100 | 1 | |a Stöckl, Ingrid | |